Mediterranean cross-currents, (Record no. 553302)
[ view plain ]
| 000 -LEADER | |
|---|---|
| fixed length control field | 00568cam a22001571 4500 |
| 082 ## - DEWEY DECIMAL CLASSIFICATION NUMBER | |
| Classification number | 909 |
| Author Mark | BOV |
| 100 1# - MAIN ENTRY--PERSONAL NAME | |
| Personal name | Boveri, Margret, |
| 9 (RLIN) | 50552 |
| 245 10 - TITLE STATEMENT | |
| Title | Mediterranean cross-currents, |
| Statement of responsibility, etc. | by Margret Boveri, translated from the German by Louisa Marie Sieveking. |
| 260 ## - PUBLICATION, DISTRIBUTION, ETC. | |
| Place of publication, distribution, etc. | London, |
| -- | New York [etc.] |
| Name of publisher, distributor, etc. | Oxford university press, |
| Date of publication, distribution, etc. | 1938. |
| 300 ## - PHYSICAL DESCRIPTION | |
| Extent | 451 p. |
| Other physical details | maps (1 fold.) |
| Dimensions | 23 cm. |
| 500 ## - GENERAL NOTE | |
| General note | Translation of Das weltgeschehen am Mittelmeer. |
| 526 ## - STUDY PROGRAM INFORMATION NOTE | |
| Program name | 0 |
| Interest level | 0 |
| Reading level | 0 |
| Title point value | 909_000000000000000_BOV |
| 650 ## - SUBJECT ADDED ENTRY--TOPICAL TERM | |
| Topical term or geographic name entry element | MCE |
| 9 (RLIN) | 379 |
| 700 1# - ADDED ENTRY--PERSONAL NAME | |
| Personal name | Sieveking, L. Marie |
| 9 (RLIN) | 50553 |
| 942 ## - ADDED ENTRY ELEMENTS (KOHA) | |
| Source of classification or shelving scheme | |
| Koha item type | Book |
| Withdrawn status | Lost status | Source of classification or shelving scheme | Damaged status | Not for loan | Permanent Location | Current Location | Shelving location | Date acquired | Total Checkouts | Full call number | Barcode | Date last seen | Price effective from | Koha item type |
|---|---|---|---|---|---|---|---|---|---|---|---|---|---|---|
| Military College of Engineering (MCE) | Military College of Engineering (MCE) | 02/03/2015 | 909 BOV | MCE-ECM/54 | 02/03/2015 | 02/03/2015 | Book |
